[Event "11. Hogeschool Zeeland Tournament"]
[Site "Vlissingen NED"]
[Date "2007.08.04"]
[Round "1.3"]
[White "Tiviakov, Sergei"]
[Black "Densing, Gerd"]
[Result "1-0"]
[WhiteElo "2648"]
[BlackElo "1885"]
[PlyCount "45"]
[EventDate "2007.08.04"]
[EventType "swiss"]
[EventRounds "9"]
[EventCountry "NED"]
[Source "lmi"]
[SourceDate "2007.08.04"]

1. e4 c6 2. d3 d5 3. Nd2 e5 4. Ngf3 Bd6 5. d4 Bg4 6. exd5 cxd5 7. dxe5 Bxe5 8.
Bb5+ Nc6 9. Qe2 f6 10. h3 Bxf3 11. Nxf3 Qc7 12. Bxc6+ bxc6 13. Bf4 Kf8 14. Nxe5
fxe5 15. Bxe5 Qb6 16. Qf3+ Nf6 17. Bxf6 gxf6 18. Qxf6+ Kg8 19. O-O-O Rf8 20.
Qg5+ Kf7 21. Rd3 Rhg8 22. Rf3+ Ke6 23. Re1+ 1-0

[Event "11. Hogeschool Zeeland Tournament"]
[Site "Vlissingen NED"]
[Date "2007.08.04"]
[Round "1.16"]
[White "Duinmaijer, Martin"]
[Black "Van Riemsdijk, Herman C"]
[Result "0-1"]
[WhiteElo "1831"]
[BlackElo "2420"]
[PlyCount "78"]
[EventDate "2007.08.04"]
[EventType "swiss"]
[EventRounds "9"]
[EventCountry "NED"]
[Source "lmi"]
[SourceDate "2007.08.04"]

1. e4 c5 2. Nf3 e6 3. c4 Nc6 4. Nc3 g6 5. d4 Bg7 6. d5 Nd4 7. Nxd4 cxd4 8. Nb5
Qb6 9. d6 Rb8 10. f4 Nh6 11. Nc7+ Kf8 12. e5 f6 13. Bd3 Nf7 14. O-O a6 15. Qc2
Nxd6 16. Nxe6+ dxe6 17. c5 Qc6 18. exd6 Bd7 19. b4 Kf7 20. Bb2 f5 21. a4 b6 22.
Bxa6 bxc5 23. Bb5 Qxd6 24. Qxc5 Qxc5 25. bxc5 Rhd8 26. Bxd7 Rxd7 27. Ra2 Rc8
28. Rc1 Rd5 29. Ba3 d3 30. c6 Bd4+ 31. Kf1 Be3 32. Rb1 Rxc6 33. Rb7+ Ke8 34.
Re7+ Kd8 35. Rxh7 d2 36. Rh8+ Kd7 37. Rh7+ Ke8 38. Re7+ Kd8 39. Rxd2 Rxd2 0-1

[Event "11. Hogeschool Zeeland Tournament"]
[Site "Vlissingen NED"]
[Date "2007.08.04"]
[Round "1.24"]
[White "Thora, Jack"]
[Black "Pg, Mohd Omar Ak Hirawa"]
[Result "1/2-1/2"]
[WhiteElo "1811"]
[BlackElo "2344"]
[PlyCount "49"]
[EventDate "2007.08.04"]
[EventType "swiss"]
[EventRounds "9"]
[EventCountry "NED"]
[Source "lmi"]
[SourceDate "2007.08.04"]

1. e4 c5 2. Nf3 Nc6 3. g3 g6 4. Bg2 Bg7 5. O-O d6 6. Re1 e5 7. Nc3 Nge7 8. d3
O-O 9. Nd5 Nxd5 10. exd5 Ne7 11. c4 h6 12. Qc2 Rb8 13. Rb1 b5 14. b3 Bd7 15.
Bb2 Qc8 16. Nd2 Bh3 17. f4 f6 18. Ne4 Bxg2 19. Qxg2 Qd7 20. fxe5 fxe5 21. Rf1
Rf5 22. g4 Rff8 23. Rxf8+ Rxf8 24. Rf1 Rxf1+ 25. Kxf1 1/2-1/2

[Event "11. Hogeschool Zeeland Tournament"]
[Site "Vlissingen NED"]
[Date "2007.08.04"]
[Round "1.25"]
[White "Van Dooren, Dirk"]
[Black "Baete, Guy"]
[Result "1-0"]
[WhiteElo "2331"]
[BlackElo "1810"]
[PlyCount "63"]
[EventDate "2007.08.04"]
[EventType "swiss"]
[EventRounds "9"]
[EventCountry "NED"]
[Source "lmi"]
[SourceDate "2007.08.04"]

1. f4 d6 2. Nf3 Nd7 3. e4 Ngf6 4. Nc3 e5 5. Bc4 Be7 6. d3 h6 7. a4 c6 8. O-O
Qc7 9. Kh1 Nf8 10. d4 exf4 11. e5 Ng4 12. Bxf4 d5 13. Bd3 g5 14. Bd2 Ne6 15.
Ne2 h5 16. Qc1 Nf4 17. Nxf4 gxf4 18. Bxf4 Be6 19. Bg5 O-O-O 20. Bxe7 Qxe7 21.
Qg5 Qb4 22. Qd2 Qe7 23. b4 Rdg8 24. Qc3 Kb8 25. b5 Rc8 26. bxc6 Rxc6 27. Qd2 f6
28. exf6 Qc7 29. Rae1 Rf8 30. Ne5 Bc8 31. Nxc6+ bxc6 32. Qf4 1-0

[Event "11. Hogeschool Zeeland Tournament"]
[Site "Vlissingen NED"]
[Date "2007.08.04"]
[Round "1.31"]
[White "De Jong, Migchiel"]
[Black "Mentink, Toon"]
[Result "1-0"]
[WhiteElo "2286"]
[BlackElo "1776"]
[PlyCount "61"]
[EventDate "2007.08.04"]
[EventType "swiss"]
[EventRounds "9"]
[EventCountry "NED"]
[Source "lmi"]
[SourceDate "2007.08.04"]

1. e4 d5 2. exd5 Nf6 3. Nf3 g6 4. d4 Nxd5 5. c4 Nb6 6. c5 Nd5 7. Bc4 c6 8. Nc3
Bg7 9. Qb3 e6 10. Ne4 O-O 11. Bg5 Qa5+ 12. Bd2 Qc7 13. O-O Nd7 14. Rac1 N7f6
15. Nd6 b5 16. Bd3 a5 17. Ne5 Ba6 18. Rfe1 Rfb8 19. Nexf7 Ne8 20. Ng5 Nxd6 21.
cxd6 Qb6 22. Nxe6 b4 23. Bxa6 Rxa6 24. Nc7 Bxd4 25. Be3 Bxe3 26. Rxe3 a4 27.
Qc4 Ra5 28. Nxd5 cxd5 29. Qc7 Ra7 30. Re8+ Rxe8 31. Qxb6 1-0

[Event "11. Hogeschool Zeeland Tournament"]
[Site "Vlissingen NED"]
[Date "2007.08.04"]
[Round "1.38"]
[White "Roosink, Tim"]
[Black "Van Leent, Dmitri"]
[Result "1/2-1/2"]
[WhiteElo "1754"]
[BlackElo "2222"]
[PlyCount "59"]
[EventDate "2007.08.04"]
[EventType "swiss"]
[EventRounds "9"]
[EventCountry "NED"]
[Source "lmi"]
[SourceDate "2007.08.04"]

1. e4 d5 2. Nc3 dxe4 3. Nxe4 Bf5 4. Ng3 Bg6 5. Nf3 e6 6. Ne5 Bd6 7. Nxg6 hxg6
8. d4 Ne7 9. c4 c6 10. Be3 Qc7 11. Qf3 Bb4+ 12. Bd2 Bxd2+ 13. Kxd2 Rh4 14. Qe3
Qa5+ 15. Kc2 Na6 16. Be2 Nb4+ 17. Kb1 Rd8 18. Qc3 c5 19. dxc5 Qxc5 20. f3 Rhd4
21. Ne4 Qb6 22. c5 Qc6 23. Nd6+ R8xd6 24. cxd6 Qxd6 25. a3 Nbc6 26. Qb3 Qe5 27.
Bb5 a6 28. Bxc6+ Nxc6 29. Rc1 Rd7 30. Ka2 1/2-1/2

[Event "11. Hogeschool Zeeland Tournament"]
[Site "Vlissingen NED"]
[Date "2007.08.05"]
[Round "2.1"]
[White "Stange, Sven"]
[Black "Kasimdzhanov, Rustam"]
[Result "0-1"]
[WhiteElo "2144"]
[BlackElo "2683"]
[PlyCount "36"]
[EventDate "2007.08.04"]
[EventType "swiss"]
[EventRounds "9"]
[EventCountry "NED"]
[Source "lmi"]
[SourceDate "2007.08.04"]

1. e4 c5 2. Nf3 d6 3. d4 cxd4 4. Nxd4 Nf6 5. Nc3 Nc6 6. Bc4 e6 7. Bb3 Be7 8. f4
O-O 9. O-O Nxd4 10. Qxd4 b6 11. Kh1 Ba6 12. Rf3 d5 13. exd5 Bc5 14. Qa4 Bb7 15.
Be3 exd5 16. Bd4 a6 17. Bxc5 bxc5 18. Rd1 d4 0-1

[Event "11. Hogeschool Zeeland Tournament"]
[Site "Vlissingen NED"]
[Date "2007.08.05"]
[Round "2.4"]
[White "Stellwagen, Daniel"]
[Black "Soors, Stef"]
[Result "1-0"]
[WhiteElo "2631"]
[BlackElo "2126"]
[PlyCount "61"]
[EventDate "2007.08.04"]
[EventType "swiss"]
[EventRounds "9"]
[EventCountry "NED"]
[Source "lmi"]
[SourceDate "2007.08.04"]

1. e4 e6 2. d4 d5 3. Nc3 Bb4 4. e5 c5 5. a3 cxd4 6. axb4 dxc3 7. bxc3 Qc7 8.
Nf3 Ne7 9. Bd3 Nd7 10. O-O Nxe5 11. Nxe5 Qxe5 12. Re1 Qxc3 13. Ra3 Qf6 14. Bb5+
Bd7 15. Rf3 Qg6 16. Rg3 Qf6 17. Bg5 Qb2 18. Rb3 Qa2 19. Qe2 Nc6 20. Bxc6 bxc6
21. Qe5 f6 22. Bxf6 gxf6 23. Qxf6 Rf8 24. Rxe6+ Bxe6 25. Qxe6+ Kd8 26. Qd6+ Kc8
27. Qxc6+ Kb8 28. Qd6+ Kb7 29. Qxd5+ Kb8 30. Qb5+ Kc7 31. Rc3+ 1-0

[Event "11. Hogeschool Zeeland Tournament"]
[Site "Vlissingen NED"]
[Date "2007.08.05"]
[Round "2.5"]
[White "Oosterom, Erik"]
[Black "Flores, Diego"]
[Result "0-1"]
[WhiteElo "2132"]
[BlackElo "2560"]
[PlyCount "74"]
[EventDate "2007.08.04"]
[EventType "swiss"]
[EventRounds "9"]
[EventCountry "NED"]
[Source "lmi"]
[SourceDate "2007.08.04"]

1. d4 g6 2. c4 Bg7 3. Nf3 d6 4. Nc3 Nf6 5. e4 O-O 6. h3 e5 7. dxe5 dxe5 8. Qxd8
Rxd8 9. Bg5 c6 10. Nxe5 Re8 11. O-O-O Na6 12. Nf3 Nc5 13. Nd2 h6 14. Be3 Ncxe4
15. Ndxe4 Nxe4 16. Nxe4 Rxe4 17. Rd8+ Kh7 18. Bd3 Re6 19. Bd4 Bxd4 20. Rxd4 Re8
21. f4 Kg7 22. g4 Be6 23. f5 Rad8 24. Rxd8 Rxd8 25. Kc2 gxf5 26. gxf5 Bc8 27.
Rf1 Kf6 28. Rf4 h5 29. Kc3 c5 30. a3 Rg8 31. Rf3 h4 32. Be4 Rg3 33. Kd2 Rxf3
34. Bxf3 b6 35. Ke3 Bxf5 36. Bg2 Ke5 37. Bf1 Be4 0-1

[Event "11. Hogeschool Zeeland Tournament"]
[Site "Vlissingen NED"]
[Date "2007.08.05"]
[Round "2.9"]
[White "In 't Veld, Rene"]
[Black "Romanishin, Oleg M"]
[Result "0-1"]
[WhiteElo "2116"]
[BlackElo "2546"]
[PlyCount "32"]
[EventDate "2007.08.04"]
[EventType "swiss"]
[EventRounds "9"]
[EventCountry "NED"]
[Source "lmi"]
[SourceDate "2007.08.04"]

1. d4 Nf6 2. Nc3 d5 3. Bg5 c6 4. Qd2 Nbd7 5. f3 h6 6. Bh4 e6 7. Bf2 b5 8. a3 b4
9. Nb1 a5 10. e3 Bb7 11. Bd3 c5 12. dxc5 Bxc5 13. Ne2 O-O 14. g4 Ne5 15. Ng1
Qb6 16. a4 Nc4 0-1

[Event "11. Hogeschool Zeeland Tournament"]
[Site "Vlissingen NED"]
[Date "2007.08.05"]
[Round "2.10"]
[White "Appel, Ralf"]
[Black "Ten Hagen, Yorick"]
[Result "1-0"]
[WhiteElo "2512"]
[BlackElo "2093"]
[PlyCount "75"]
[EventDate "2007.08.04"]
[EventType "swiss"]
[EventRounds "9"]
[EventCountry "NED"]
[Source "lmi"]
[SourceDate "2007.08.04"]

1. Nf3 g6 2. d4 Nf6 3. Bf4 Bg7 4. c3 O-O 5. Nbd2 d5 6. h3 Nbd7 7. e3 b6 8. Be2
Bb7 9. O-O Re8 10. a4 a6 11. Bh2 Ne4 12. Nxe4 dxe4 13. Nd2 e5 14. Nc4 Qe7 15.
Qc2 Bd5 16. Nxe5 Nxe5 17. dxe5 Bxe5 18. Bxe5 Qxe5 19. Rfd1 a5 20. Rd4 c5 21.
Rd2 Be6 22. Bb5 Re7 23. Bc6 Rc8 24. Qxe4 Bxh3 25. Qxe5 Rxe5 26. Bb5 Bg4 27. f3
Be6 28. e4 Kf8 29. Rd6 Rb8 30. Rad1 Ke7 31. Rc6 Bb3 32. Rc7+ Kf6 33. Rd6+ Re6
34. Rdd7 Ree8 35. c4 Rf8 36. Rd3 Ba2 37. Rcd7 Kg5 38. Ra3 1-0

[Event "11. Hogeschool Zeeland Tournament"]
[Site "Vlissingen NED"]
[Date "2007.08.05"]
[Round "2.11"]
[White "Rosmuller, Anton"]
[Black "Sebag, Marie"]
[Result "0-1"]
[WhiteElo "2114"]
[BlackElo "2491"]
[PlyCount "78"]
[EventDate "2007.08.04"]
[EventType "swiss"]
[EventRounds "9"]
[EventCountry "NED"]
[Source "lmi"]
[SourceDate "2007.08.04"]

1. d4 d5 2. Nf3 Nf6 3. c4 c6 4. Nc3 a6 5. e3 b5 6. b3 Bg4 7. Qc2 e6 8. Ne5 Bf5
9. Bd3 Bxd3 10. Qxd3 Bd6 11. Nf3 Nbd7 12. O-O O-O 13. e4 dxc4 14. bxc4 e5 15.
Bg5 exd4 16. Qxd4 Bc5 17. Qd3 Qc7 18. Bxf6 gxf6 19. Ne2 b4 20. Nh4 Kh8 21. Rad1
Ne5 22. Qg3 Rg8 23. Qf4 Be7 24. Nf5 Rg4 25. Qe3 Nxc4 26. Qd4 Ne5 27. Neg3 Rd8
28. Qe3 Rgg8 29. Nxe7 Qxe7 30. Nf5 Qe6 31. Rxd8 Rxd8 32. Qh6 Rg8 33. Kh1 Ng4
34. Qf4 Qe5 35. Qxe5 Nxe5 36. f4 Nd3 37. g3 c5 38. Kg2 c4 39. Kf3 Rd8 0-1

[Event "11. Hogeschool Zeeland Tournament"]
[Site "Vlissingen NED"]
[Date "2007.08.05"]
[Round "2.13"]
[White "Porte, Henrik"]
[Black "Barua, Dibyendu"]
[Result "0-1"]
[WhiteElo "2105"]
[BlackElo "2462"]
[PlyCount "64"]
[EventDate "2007.08.04"]
[EventType "swiss"]
[EventRounds "9"]
[EventCountry "NED"]
[Source "lmi"]
[SourceDate "2007.08.04"]

1. d4 e6 2. c4 Nf6 3. Nc3 d5 4. Bg5 c6 5. e3 Nbd7 6. Nf3 Qa5 7. Bxf6 Nxf6 8.
Nd2 Be7 9. Bd3 O-O 10. O-O Rd8 11. Qc2 Bd7 12. a3 Qc7 13. Rac1 Rac8 14. Nf3
dxc4 15. Bxc4 Be8 16. Rfd1 c5 17. d5 exd5 18. Nxd5 Nxd5 19. Bxd5 b5 20. Be4 g6
21. h4 c4 22. h5 Bf6 23. hxg6 hxg6 24. Bd5 Kg7 25. e4 Bd7 26. Qe2 Bg4 27. Re1
Qf4 28. e5 Rxd5 29. exf6+ Qxf6 30. Rc3 Rh8 31. Qe4 Rdh5 32. Kf1 Bf5 0-1

[Event "11. Hogeschool Zeeland Tournament"]
[Site "Vlissingen NED"]
[Date "2007.08.05"]
[Round "2.14"]
[White "Delemarre, Jop"]
[Black "Gorissen, Hugo"]
[Result "1-0"]
[WhiteElo "2457"]
[BlackElo "2086"]
[PlyCount "53"]
[EventDate "2007.08.04"]
[EventType "swiss"]
[EventRounds "9"]
[EventCountry "NED"]
[Source "lmi"]
[SourceDate "2007.08.04"]

1. d4 Nf6 2. c4 g6 3. Nc3 Bg7 4. e4 d6 5. h3 O-O 6. Bg5 h6 7. Be3 e5 8. d5 a5
9. Qd2 Kh7 10. g4 Na6 11. Bd3 Nc5 12. Bc2 Ng8 13. O-O-O f6 14. Nge2 Ne7 15. f4
Bd7 16. f5 b6 17. h4 Qe8 18. Rdg1 a4 19. Ng3 b5 20. cxb5 Bxb5 21. g5 Bc4 22. h5
gxf5 23. g6+ Kg8 24. exf5 Rb8 25. Rh4 e4 26. Bxc5 dxc5 27. Rxe4 1-0

[Event "11. Hogeschool Zeeland Tournament"]
[Site "Vlissingen NED"]
[Date "2007.08.05"]
[Round "2.15"]
[White "Bodicker, Rob"]
[Black "Sengupta, Deep"]
[Result "0-1"]
[WhiteElo "2095"]
[BlackElo "2435"]
[PlyCount "48"]
[EventDate "2007.08.04"]
[EventType "swiss"]
[EventRounds "9"]
[EventCountry "NED"]
[Source "lmi"]
[SourceDate "2007.08.04"]

1. d4 e6 2. Nf3 Nf6 3. c4 c5 4. d5 b5 5. dxe6 fxe6 6. cxb5 d5 7. e3 Bd6 8. Nc3
Qc7 9. g3 O-O 10. Bg2 Nbd7 11. O-O Bb7 12. Ng5 Rfe8 13. a4 Rad8 14. Bd2 h6 15.
Nf3 e5 16. Rc1 e4 17. Nh4 Ne5 18. Ne2 Nd3 19. Rb1 Be5 20. b4 c4 21. Ng6 c3 22.
Nxe5 c2 23. Rc1 cxd1=Q 24. Rxc7 Qxd2 0-1

[Event "11. Hogeschool Zeeland Tournament"]
[Site "Vlissingen NED"]
[Date "2007.08.05"]
[Round "2.16"]
[White "Van Riemsdijk, Herman C"]
[Black "Colijn, Stefan"]
[Result "1-0"]
[WhiteElo "2420"]
[BlackElo "2075"]
[PlyCount "54"]
[EventDate "2007.08.04"]
[EventType "swiss"]
[EventRounds "9"]
[EventCountry "NED"]
[Source "lmi"]
[SourceDate "2007.08.04"]

1. e4 e6 2. d4 d5 3. Nc3 Bb4 4. Nge2 Nf6 5. a3 Bxc3+ 6. Nxc3 Nxe4 7. Qg4 O-O 8.
Nxe4 f5 9. Qg3 fxe4 10. Bf4 Rf7 11. Be2 Nc6 12. c3 b6 13. O-O Bb7 14. f3 exf3
15. Rxf3 Rc8 16. Raf1 Ne7 17. Bd3 Nf5 18. Qh3 g6 19. g4 Ng7 20. Qh6 Qd7 21. Rh3
Nh5 22. gxh5 e5 23. hxg6 Rxf4 24. Rg3 Rxf1+ 25. Bxf1 Kh8 26. gxh7 Qf7 27. Bh3
Re8 1-0

[Event "11. Hogeschool Zeeland Tournament"]
[Site "Vlissingen NED"]
[Date "2007.08.05"]
[Round "2.17"]
[White "Zomer, Koos"]
[Black "Van Haastert, Edwin"]
[Result "0-1"]
[WhiteElo "2092"]
[BlackElo "2408"]
[PlyCount "92"]
[EventDate "2007.08.04"]
[EventType "swiss"]
[EventRounds "9"]
[EventCountry "NED"]
[Source "lmi"]
[SourceDate "2007.08.04"]

1. d4 Nf6 2. Nf3 c5 3. c3 b6 4. Bg5 e6 5. e3 Bb7 6. Nbd2 Be7 7. Bd3 cxd4 8.
exd4 d6 9. O-O Nbd7 10. Re1 O-O 11. Qe2 Re8 12. Rad1 a6 13. Bb1 b5 14. Qd3 Nf8
15. Nf1 Qc7 16. N3d2 Qc6 17. Qh3 Nd5 18. Bxe7 Rxe7 19. Be4 Qc7 20. Ne3 Nxe3 21.
Rxe3 Bxe4 22. Nxe4 b4 23. Qh4 d5 24. Ng5 h6 25. Nf3 Ng6 26. Qg4 bxc3 27. Rxc3
Qb8 28. Rb3 Rb7 29. Rdd3 Rxb3 30. Rxb3 Qc7 31. h4 Qc1+ 32. Kh2 Rc8 33. h5 Ne7
34. Rb7 Qc6 35. Rb3 Nf5 36. Qf4 Qc2 37. Rb8 Rxb8 38. Qxb8+ Kh7 39. Qb7 Qxf2 40.
Qxf7 Qg3+ 41. Kg1 Ne3 42. Qg6+ Qxg6 43. hxg6+ Kxg6 44. b4 Nc2 45. Ne5+ Kf5 46.
Nc6 Ke4 0-1

[Event "11. Hogeschool Zeeland Tournament"]
[Site "Vlissingen NED"]
[Date "2007.08.05"]
[Round "2.18"]
[White "Leenhouts, Koen"]
[Black "Nijs, Nils"]
[Result "1-0"]
[WhiteElo "2395"]
[BlackElo "2065"]
[PlyCount "71"]
[EventDate "2007.08.04"]
[EventType "swiss"]
[EventRounds "9"]
[EventCountry "NED"]
[Source "lmi"]
[SourceDate "2007.08.04"]

1. e4 c5 2. Nf3 d6 3. d4 cxd4 4. Qxd4 a6 5. Nc3 Nc6 6. Qe3 Nf6 7. Bc4 g6 8. Qe2
Bg7 9. Bf4 O-O 10. O-O-O b5 11. Bb3 Bb7 12. h4 Na5 13. e5 Nxb3+ 14. cxb3 Nh5
15. Bh2 b4 16. Nd5 Qc8+ 17. Kb1 Bxd5 18. Rxd5 dxe5 19. Nxe5 Qf5+ 20. Qc2 Qe6
21. Rc5 Nf6 22. f3 Rac8 23. Nc6 Nd5 24. Qc4 Qf5+ 25. Ka1 e6 26. Qe4 Qxe4 27.
fxe4 Bd4 28. Rc4 Rxc6 29. Rxc6 Nf6 30. Rd1 Bf2 31. Rc4 a5 32. Rf1 Ng4 33. Bd6
Rd8 34. e5 Ne3 35. Rxf2 Nxc4 36. bxc4 1-0

[Event "11. Hogeschool Zeeland Tournament"]
[Site "Vlissingen NED"]
[Date "2007.08.05"]
[Round "2.19"]
[White "Meulblok, Willy"]
[Black "D`Costa, Lorin A R"]
[Result "1/2-1/2"]
[WhiteElo "2082"]
[BlackElo "2384"]
[PlyCount "151"]
[EventDate "2007.08.04"]
[EventType "swiss"]
[EventRounds "9"]
[EventCountry "NED"]
[Source "lmi"]
[SourceDate "2007.08.04"]

1. e4 c5 2. Nf3 e6 3. d4 cxd4 4. Nxd4 a6 5. c4 Nf6 6. Nc3 Bb4 7. Bd3 Nc6 8.
Nxc6 dxc6 9. O-O e5 10. Na4 Nd7 11. Be3 b5 12. a3 Be7 13. Nc3 Nc5 14. Bc2 bxc4
15. Bxc5 Bxc5 16. Ba4 Qxd1 17. Rfxd1 Bd7 18. Rac1 Rc8 19. Ne2 Be6 20. Bb3 Bxf2+
21. Kxf2 cxb3 22. Rc5 Ke7 23. Nc1 Rhd8 24. Nd3 f6 25. Ke3 Rd4 26. Rdc1 Rcd8 27.
R1c3 R8d6 28. Ra5 Bc4 29. Nc1 Kd7 30. Rc5 Bf7 31. Nxb3 Bg6 32. R5c4 Rd1 33.
Nc5+ Ke7 34. Rb4 Bh5 35. Rc2 Re1+ 36. Kf2 Rdd1 37. Rb7+ Ke8 38. h3 Rf1+ 39. Kg3
Bf7 40. Nxa6 Rd3+ 41. Kh2 Rd6 42. Nc5 h5 43. g3 g5 44. a4 Ra1 45. a5 Rxa5 46.
Rb8+ Ke7 47. Rb7+ Kf8 48. Rxf7+ Kxf7 49. Nb7 Rdd5 50. exd5 Rxd5 51. Nc5 f5 52.
Nb3 Rb5 53. Nc5 Ke7 54. Kg2 Kd6 55. Na4 e4 56. Kf2 Rb3 57. Nc3 Ke5 58. Re2 Rb4
59. Ke3 f4+ 60. gxf4+ gxf4+ 61. Kf2 h4 62. Rc2 c5 63. Re2 Rd4 64. Rc2 f3 65.
Nb5 Rb4 66. Nc3 Rd4 67. Nb5 Rd3 68. Rxc5+ Kf4 69. Rc4 Rd2+ 70. Kf1 Rxb2 71. Nc3
Kg3 72. Nxe4+ Kxh3 73. Nf2+ Kg3 74. Rg4+ Kh2 75. Rxh4+ Kg3 76. Rg4+ 1/2-1/2

[Event "11. Hogeschool Zeeland Tournament"]
[Site "Vlissingen NED"]
[Date "2007.08.05"]
[Round "2.21"]
[White "Afek, Yochanan"]
[Black "Hugaert, Arthur"]
[Result "1/2-1/2"]
[WhiteElo "2350"]
[BlackElo "2041"]
[PlyCount "73"]
[EventDate "2007.08.04"]
[EventType "swiss"]
[EventRounds "9"]
[EventCountry "NED"]
[Source "lmi"]
[SourceDate "2007.08.04"]

1. e4 c5 2. Nf3 e6 3. c3 Nf6 4. e5 Nd5 5. d4 Nc6 6. c4 Ndb4 7. d5 exd5 8. cxd5
Nd4 9. Nxd4 cxd4 10. a3 Nxd5 11. Qxd4 Qc7 12. Bd2 Qc5 13. Qe4 Be7 14. Bd3 d6
15. O-O dxe5 16. Nc3 Nf6 17. Qe2 Bd7 18. Rac1 O-O 19. Nb5 Bg4 20. Qe1 Qd5 21.
Bc4 Qe4 22. f3 Qxe1 23. Rfxe1 a6 24. fxg4 axb5 25. Bxb5 Nxg4 26. h3 Rfd8 27.
Bc3 Bc5+ 28. Kh1 Nf2+ 29. Kh2 e4 30. Rc2 Rac8 31. Kg3 Nd1 32. Rxe4 Nxc3 33.
Rxc3 Bd6+ 34. Kf2 Rxc3 35. bxc3 Bxa3 36. Re8+ Rxe8 37. Bxe8 1/2-1/2

[Event "11. Hogeschool Zeeland Tournament"]
[Site "Vlissingen NED"]
[Date "2007.08.05"]
[Round "2.22"]
[White "Van Rij, Gert"]
[Black "Piceu, Tom"]
[Result "0-1"]
[WhiteElo "2065"]
[BlackElo "2350"]
[PlyCount "84"]
[EventDate "2007.08.04"]
[EventType "swiss"]
[EventRounds "9"]
[EventCountry "NED"]
[Source "lmi"]
[SourceDate "2007.08.04"]

1. Nf3 Nf6 2. c4 e6 3. Nc3 d5 4. d4 c6 5. Bg5 Nbd7 6. e3 Qa5 7. Bxf6 Nxf6 8.
Bd3 Be7 9. O-O O-O 10. Ne5 Rd8 11. c5 Qc7 12. f4 b6 13. b4 a5 14. a3 Ba6 15.
Bxa6 Rxa6 16. Nxc6 Qxc6 17. b5 Qc7 18. bxa6 bxc5 19. Rb1 cxd4 20. Nb5 Qb6 21.
Nxd4 Qxa6 22. Qa4 Rf8 23. Rb5 Ra8 24. Rc1 Ne4 25. Nc6 Rc8 26. Rbb1 Nc5 27. Rxc5
Bxc5 28. Nd4 Qd3 29. Qb3 Qxb3 30. Rxb3 Bxd4 31. exd4 Kf8 32. Kf2 Rc2+ 33. Kf3
a4 34. Rb8+ Ke7 35. Ra8 Rc3+ 36. Kf2 Rxa3 37. h3 Kf6 38. Ra7 h5 39. g4 h4 40.
Kg2 Rg3+ 41. Kh2 a3 42. Ra8 Rb3 0-1

[Event "11. Hogeschool Zeeland Tournament"]
[Site "Vlissingen NED"]
[Date "2007.08.05"]
[Round "2.23"]
[White "Van Der Eijk, Dick"]
[Black "Van Dooren, Dirk"]
[Result "0-1"]
[WhiteElo "2062"]
[BlackElo "2331"]
[PlyCount "22"]
[EventDate "2007.08.04"]
[EventType "swiss"]
[EventRounds "9"]
[EventCountry "NED"]
[Source "lmi"]
[SourceDate "2007.08.04"]

1. c4 e5 2. g3 Nc6 3. Bg2 f5 4. Nc3 Nf6 5. e3 d5 6. cxd5 Nb4 7. d4 e4 8. Bf1
Nfxd5 9. Bc4 c6 10. Nge2 Be6 11. Bd2 Nxc3 0-1

[Event "11. Hogeschool Zeeland Tournament"]
[Site "Vlissingen NED"]
[Date "2007.08.05"]
[Round "2.25"]
[White "Gryson, Wouter"]
[Black "Piasetski, Leon"]
[Result "1-0"]
[WhiteElo "2030"]
[BlackElo "2307"]
[PlyCount "61"]
[EventDate "2007.08.04"]
[EventType "swiss"]
[EventRounds "9"]
[EventCountry "NED"]
[Source "lmi"]
[SourceDate "2007.08.04"]

1. d4 e6 2. c4 c5 3. d5 exd5 4. cxd5 d6 5. Nc3 a6 6. a4 g6 7. e4 Bg7 8. Bd3 Nf6
9. h3 O-O 10. Nf3 b6 11. O-O Ra7 12. Bf4 Nh5 13. Bh2 Bh6 14. Ne2 f5 15. e5 Nd7
16. exd6 f4 17. Nc3 Ndf6 18. Ne5 Qxd6 19. Nc4 Qd7 20. Qb3 Rb7 21. Ne5 Qd6 22.
Rfe1 b5 23. axb5 Kh8 24. Bc4 Re7 25. Nd3 Rxe1+ 26. Rxe1 Re8 27. Rxe8+ Nxe8 28.
b6 Qe7 29. Na4 f3 30. Qc3+ Bg7 31. Qe1 1-0

[Event "11. Hogeschool Zeeland Tournament"]
[Site "Vlissingen NED"]
[Date "2007.08.05"]
[Round "2.27"]
[White "Schuurman, Petra"]
[Black "Munnik, Talitha"]
[Result "1-0"]
[WhiteElo "2290"]
[BlackElo "2005"]
[PlyCount "69"]
[EventDate "2007.08.04"]
[EventType "swiss"]
[EventRounds "9"]
[EventCountry "NED"]
[Source "lmi"]
[SourceDate "2007.08.04"]

1. d4 d5 2. c4 e6 3. Nc3 Nf6 4. Bg5 Be7 5. Nf3 b6 6. cxd5 exd5 7. e3 Bb7 8. Bd3
O-O 9. Bxf6 Bxf6 10. h4 Nd7 11. Qc2 g6 12. h5 Kg7 13. O-O-O c5 14. Rh2 c4 15.
Be2 Re8 16. Qd2 Nf8 17. Ne5 a6 18. f4 b5 19. a3 Qd6 20. Bf3 Red8 21. e4 dxe4
22. Bxe4 Qb6 23. hxg6 fxg6 24. Qe3 Rac8 25. g4 b4 26. axb4 Qxb4 27. Bxb7 Qxb7
28. g5 Bxe5 29. Qxe5+ Kg8 30. Ne4 Qb8 31. d5 Qxe5 32. fxe5 Nd7 33. e6 Nb6 34.
Nf6+ Kf8 35. Rxh7 1-0

[Event "11. Hogeschool Zeeland Tournament"]
[Site "Vlissingen NED"]
[Date "2007.08.05"]
[Round "2.28"]
[White "Avontuur, Theo"]
[Black "De Jong, Migchiel"]
[Result "0-1"]
[WhiteElo "2022"]
[BlackElo "2286"]
[PlyCount "50"]
[EventDate "2007.08.04"]
[EventType "swiss"]
[EventRounds "9"]
[EventCountry "NED"]
[Source "lmi"]
[SourceDate "2007.08.04"]

1. d4 Nf6 2. c4 g6 3. Nc3 Bg7 4. e4 d6 5. f4 O-O 6. Nf3 Na6 7. Be2 e5 8. fxe5
dxe5 9. Nxe5 c5 10. d5 Nxe4 11. Nxe4 Qh4+ 12. Ng3 Bxe5 13. O-O Bd7 14. Qd2 Rae8
15. a3 Re7 16. Bd3 Rfe8 17. Rb1 Bg4 18. Qh6 Bxg3 19. hxg3 Qxg3 20. Bxg6 hxg6
21. Bf4 Qd3 22. Bg5 Re2 23. Kh2 Rxg2+ 24. Kxg2 Re2+ 25. Rf2 Qf3+ 0-1

[Event "11. Hogeschool Zeeland Tournament"]
[Site "Vlissingen NED"]
[Date "2007.08.05"]
[Round "2.29"]
[White "Miedema, Roi"]
[Black "Koes, Richard"]
[Result "1-0"]
[WhiteElo "2271"]
[BlackElo "2003"]
[PlyCount "69"]
[EventDate "2007.08.04"]
[EventType "swiss"]
[EventRounds "9"]
[EventCountry "NED"]
[Source "lmi"]
[SourceDate "2007.08.04"]

1. d4 Nf6 2. c4 g6 3. Nc3 Bg7 4. e4 d6 5. f3 O-O 6. Be3 e5 7. Nge2 Nc6 8. d5
Ne7 9. Qd2 Ne8 10. g4 f5 11. gxf5 gxf5 12. O-O-O f4 13. Bf2 Rf6 14. c5 Rh6 15.
Kb1 Ng6 16. Nc1 Bh3 17. Nb3 Bxf1 18. Rdxf1 Rh3 19. Qe2 Qg5 20. Qb5 Rxf3 21. Nd2
Rh3 22. Qxb7 Qd8 23. c6 a5 24. Nc4 a4 25. Nb5 Bf8 26. Rc1 Rd3 27. h4 f3 28.
Rhg1 Kh8 29. h5 Nf4 30. Bh4 Qxh4 31. Qxa8 Qxh5 32. Nxc7 f2 33. Rh1 Rh3 34. Qxe8
Qxe8 35. Nxe8 1-0